| 000 | 00590nam a2200205 a 4500 | ||
|---|---|---|---|
| 005 | 20140414132123.0 | ||
| 008 | 130215s19uu xx 00 eng d | ||
| 020 | _a9780316085328 | ||
| 050 |
_aFIC _bCo874h 2007 |
||
| 100 | _aCowell, Criselda | ||
| 245 | _aA hero's guide to deadly dragons(book 6)/. | ||
| 260 |
_aNew York : _bLittle Brown and Company, _c2007. |
||
| 300 | _a223p. | ||
| 440 | _aHow to train your dragon. | ||
| 650 |
_aVikings- _xjuvenile fiction. |
||
| 650 |
_aDragons- _xfiction. |
||
| 650 |
_aVikings- _xfiction. |
||
| 650 | _aHumorous stories. | ||
| 999 |
_c115119 _d115119 |
||